000 00729nam a2200253Ia 4500
003 OSt
005 20220928122308.0
006 a|||||r|||| 00| 0
007 ta
008 220927b |||||||| |||| 00| 0 eng d
020 _c310
024 _a99497
037 _b13, 28/09/2009, Om Book Distributors
_cTextual
040 _aSDCL
_cSDCL
_beng
041 _2eng
_aeng
082 _aXM8:8, P7
100 _aMallin Christine A
_9457235
245 0 _aCorporate governance.
260 _aOxford
_bOxford University Press
_c2007
300 _axiv,316p
_ccm.
650 _aCommerce
_9353036
942 _hXM8:8, P7
_cTEXL
_2CC
999 _c770731
_d770731